000 00284nam a22001337a 4500
020 _a1-8464-6319-X
082 _a823
_bROS/B
100 _aROSS, MANDY
245 _aBABOON ON THE MOON
260 _aITALY
_bLADY BIRD
300 _a35
650 _aENGLISH SHORT STORY
_zUK
942 _cBK
999 _c2483
_d2483